000 00514nam a2200241Ia 4500
003 IT-RoPAU
008 120407s9999 xx 000 0 und d
040 _aIT-RoPAU
040 _cIT-RoPAU
041 _aita
100 _aMauro Todde
100 _ccur.
245 _aSpirito di Dio.
250 _aMilano
260 _aEdizioni Paoline
260 _c1987
300 _a344 p.
300 _c20 cm
490 _aLetture cristiane del primo millennio, 3
490 _v1
942 _cBK
999 _c33076
_d33076